Score 0/25 Timer 06:00
0 Plays Today
% Correct
Mork & Mindy
94.4%
Home Improvement
90.5%
Scrubs
83.3%
Married... With Children
78.6%
Roseanne
77.8%
Boy Meets World
77%
The X-Files
76.2%
That '70s Show
75.4%
Black-ish
68.3%
Psych
61.9%
Star Trek: The Next Generation
57.1%
MacGyver
53.2%
Supernatural
50%
% Correct
NewsRadio
46.8%
Mr. Robot
46%
Mama's Family
42.9%
Just Shoot Me
38.9%
Moesha
31%
Star Trek: Deep Space Nine
21.4%
Stargate SG-1
17.5%
Father Ted
14.3%
Star Trek: Voyager
12.7%
Limitless
8.7%
Our Miss Brooks
3.2%
Farscape
0.8%
Remove Ads.
Support Sporcle.
Get the best of Sporcle when you Go Orange. This ad-free experience offers more features, more stats, and more fun while also helping to support Sporcle. Thank you for becoming a member.

You're not logged in!

Compare scores with friends on all Sporcle quizzes.
OR
Log In

Sporcle TV

Today on Sporcle TV


Watch our educational content, quiz creation guides, and fun videos on Sporcle TV.

Show Comments

Extras

Top Quizzes Today


Score Distribution

Paid Content

Your Account Isn't Verified!

In order to create a playlist on Sporcle, you need to verify the email address you used during registration. Go to your Sporcle Settings to finish the process.

Report this User

Report this user for behavior that violates our Community Guidelines.

Details: